Guess the word II - Statistics

General Stats
  • This quiz has been taken 29 times
  • The average score is 8 of 15
Answer Stats
Hint Answer % Correct
ˈwɪtnəs witness
96%
dɒɡ dog
91%
ɡreɪt great
91%
dʒɛnɪsɪs genesis
78%
ˈpɒvəti poverty
65%
ˈtraʊzə trouser
52%
krɔːl crawl
48%
bɛnɪˈfɪʃ(ə)ri beneficiary
43%
ˈɛfət effort
43%
pɪə peer / pier
43%
əˈlɑːm alarm
39%
bɒm bomb
39%
kɑːf calf
39%
ˈriːdə reader
39%
əːθ earth
26%
No matching quizzes found
Score Distribution
Percent of People with Each Score
Percentile by Number Answered
Your Score History
You have not taken this quiz